000 00559nam a2200217Ia 4500
003 OSt
005 20220928145022.0
006 a|||||r|||| 00| 0
007 ta
008 220927b |||||||| |||| 00| 0 eng d
024 _a78287
037 _cTextual
040 _aSDCL
_cSDCL
_beng
041 _2eng
_aeng
082 _aY:435.44Q71'N7, L3
100 _aChen Lincoln C Ed.
_9511263
245 0 _aDisaster in Bangladesh.
260 _c1973
942 _hY:435.44Q71'N7, L3
_cTEXL
_2CC
999 _c831506
_d831506